Welcome to WEB OPAC of MRSPTU Central Library

Digital system design using VHDL (Record no. 4885)

MARC details
000 -LEADER
fixed length control field 00383nam a2200157Ia 4500
008 - FIXED-LENGTH DATA ELEMENTS--GENERAL INFORMATION
fixed length control field 230711s9999||||xx |||||||||||||| ||und||
041 ## - LANGUAGE CODE
Language code of text/sound track or separate title ENG
082 ## - DEWEY DECIMAL CLASSIFICATION NUMBER
Classification number 621
Item number RO-D
100 ## - MAIN ENTRY--PERSONAL NAME
Personal name Roth, Charles H
245 #0 - TITLE STATEMENT
Title Digital system design using VHDL
250 ## - EDITION STATEMENT
Edition statement 1st . Ed.
260 ## - PUBLICATION, DISTRIBUTION, ETC.
Date of publication, distribution, etc. 2007
Place of publication, distribution, etc. New York
Name of publisher, distributor, etc. Thomson Brook
300 ## - PHYSICAL DESCRIPTION
Extent 470
650 ## - SUBJECT ADDED ENTRY--TOPICAL TERM
Topical term or geographic name entry element Electrical Engineering
942 ## - ADDED ENTRY ELEMENTS (KOHA)
Koha item type Book
Holdings
Withdrawn status Lost status Damaged status Not for loan Collection Home library Current library Date acquired Total checkouts Full call number Barcode Date last seen Price effective from Koha item type
          MRSPTU Central Library MRSPTU Central Library     621 RO-D 17470 08/17/2023 08/17/2023 Book
          MRSPTU Central Library MRSPTU Central Library     621 RO-D 17471 08/17/2023 08/17/2023 Book
          MRSPTU Central Library MRSPTU Central Library     621 RO-D 17472 08/17/2023 08/17/2023 Book
          MRSPTU Central Library MRSPTU Central Library     621 RO-D 17473 08/17/2023 08/17/2023 Book
          MRSPTU Central Library MRSPTU Central Library     621 RO-D 17474 08/17/2023 08/17/2023 Book
          MRSPTU Central Library MRSPTU Central Library     621 RO-D 17475 08/17/2023 08/17/2023 Book

Website Designed and Developed by MRSPTU Central Library Team

E-mail Id: librarian@mrsptu.ac.in